[Event "4NCL Online Division 4"]
[Site "online"]
[Date "2021.02.23"]
[EventDate "2021.02.23"]
[Round "3.143"]
[White "Roberts, Mike"]
[WhiteElo "1429"]
[WhiteTeam "Bristol Cabot Blackbeards"]
[Black "Corlett, Les"]
[BlackElo "1675"]
[BlackTeam "Wigston 2"]
[Result "0-1"]
[PlyCount "105"]

1. d4 d5 2. Bf4 { D00 Queen's Pawn Game: Mason Variation } e6 3. e3 g6 4. Nf3 Bg7 5. Nbd2 b6 6. c4 Bb7 7. Be2 Ne7 8. Be5 O-O 9. Bxg7 Kxg7 10. O-O Nd7 11. Ne5 Nf5 12. cxd5 exd5 13. Nxd7 Qxd7 14. Bg4 h5 15. Bh3 Bc8 16. Qf3 Qd6 17. Qe2 Re8 18. Nf3 Re7 19. b3 a5 20. Rac1 Ba6 21. Qc2 Bxf1 22. Bxf5 Bxg2 23. Kxg2 gxf5 24. Qxf5 Qg6+ 25. Qxg6+ fxg6 26. Ng5 Kh6 27. h4 Rc8 28. Rc3 c5 29. f4 c4 30. Kf2 b5 31. a3 Kg7 32. b4 axb4 33. axb4 Ra8 34. Rc2 Ra3 35. Nf3 Rb3 36. Ne5 Re6 37. Ra2 c3 38. Ra7+ Kf8 39. Nd7+ Ke8 40. Nc5 Rb2+ 41. Kf3 Re7 42. Ra3 c2 43. Nd3 Rc7 44. Ra8+ Ke7 45. Ra5 c1=Q 46. Nxc1 Rxc1 47. Rxb5 Ke6 48. Rb6+ Kf5 49. Rb5 Rf1+ 50. Kg3 Ke4 51. Rb6 Rg1+ 52. Kh3 Rgg2 53. Re6+ Kf3 { White resigns. } 0-1

[Event "4NCL Online Division 4"]
[Site "online"]
[Date "2021.02.23"]
[EventDate "2021.02.23"]
[Round "3.144"]
[White "Mottram, Paul"]
[WhiteElo "1480"]
[WhiteTeam "Wigston 2"]
[Black "Burnett, Philip"]
[BlackElo "1364"]
[BlackTeam "Bristol Cabot Blackbeards"]
[Result "1-0"]
[PlyCount "77"]

1. d4 d5 2. c4 c6 3. Nc3 Nf6 4. e3 Bf5 5. cxd5 Nxd5 6. Nf3 Nxc3 7. bxc3 Qa5 8. Bd2 Qc7 9. Bc1 e6 10. Bd3 Bxd3 11. Qxd3 Bd6 12. O-O O-O 13. e4 f6 14. Re1 Nd7 15. Be3 b6 16. e5 fxe5 17. Ng5 Nf6 18. Nxe6 Qf7 19. Nxf8 Rxf8 20. dxe5 Bxe5 21. h3 Nd5 22. Rac1 Nxe3 23. Qxe3 Bd6 24. Qe6 Qxe6 25. Rxe6 Bc5 26. Re2 b5 27. Kf1 a5 28. f3 Kf7 29. Re5 Ba3 30. Rf5+ Kg6 31. Rxf8 Bxf8 32. Rd1 Ba3 33. Rd7 a4 34. Ke2 Kf6 35. Kd3 c5 36. Rb7 b4 37. cxb4 cxb4 38. Kc4 h6 39. Rxb4 1-0

[Event "4NCL Online Division 4"]
[Site "online"]
[Date "2021.02.23"]
[EventDate "2021.02.23"]
[Round "3.151"]
[White "Benhamida, Aisha"]
[WhiteElo "1648"]
[WhiteTeam "Manchester Juniors B"]
[Black "Moore, Gillian A"]
[BlackElo "1779"]
[BlackTeam "Wessex Some Stars D"]
[Result "0-1"]
[PlyCount "144"]

1. e4 d6 2. d4 Nf6 3. Bd3 Nbd7 4. Nf3 e5 5. c3 Be7 6. O-O h6 7. b3 c6 8. Bb2 Qc7 9. Qe2 Nf8 10. h3 Ng6 11. Bc2 Nf4 12. Qe3 Bd7 13. c4 Ng6 14. Nc3 b6 15. Rac1 O-O 16. Ne2 Nh7 17. Ng3 Ng5 18. d5 c5 19. Nf5 Nxf3+ 20. Qxf3 Bg5 21. Rcd1 Nf4 22. g3 Ng6 23. Bc1 Bxc1 24. Rxc1 Rae8 25. Rce1 Ne7 26. Kh2 Nxf5 27. exf5 Qd8 28. Re4 Qf6 29. Re3 Kh8 30. Qe4 Rg8 31. Rf3 Rb8 32. a4 a6 33. Kg2 b5 34. axb5 axb5 35. Ra1 Ra8 36. Rxa8 Rxa8 37. g4 Ra3 38. Kg3 bxc4 39. bxc4 Rxf3+ 40. Qxf3 Qd8 41. h4 f6 42. Qb3 Kg8 43. Qb7 Bc8 44. Qb8 Qd7 45. Be4 Kh7 46. Qb6 Qa4 47. Qb5 Qxb5 48. cxb5 Bb7 49. Kf3 Kg8 50. Ke3 Kf8 51. f4 Ke7 52. fxe5 fxe5 53. g5 Bc8 54. gxh6 gxh6 55. Kf3 Kf6 56. Kg4 Kf7 57. Kh5 Kg7 58. b6 c4 59. f6+ Kxf6 60. Kxh6 c3 61. Kh5 Bb7 62. Kg4 Bxd5 63. Bc2 Bb7 64. h5 e4 65. Kf4 d5 66. Ke3 Kg5 67. Bd1 c2 68. Bxc2 Kxh5 69. Bb3 Kg5 70. Bd1 Kf6 71. Kd4 Ke6 72. Bg4+ Kd6 0-1

[Event "4NCL Online Division 4"]
[Site "online"]
[Date "2021.02.23"]
[EventDate "2021.02.23"]
[Round "3.152"]
[White "Coburn, Joseph A"]
[WhiteElo "1777"]
[WhiteTeam "Wessex Some Stars D"]
[Black "Jayawarna, Thisumi"]
[BlackElo "1626"]
[BlackTeam "Manchester Juniors B"]
[Result "1-0"]
[PlyCount "89"]

1. d4 Nf6 2. Nf3 c5 3. d5 e6 4. c4 exd5 5. cxd5 d6 6. Nc3 g6 7. e4 Bg7 8. Bb5+ Bd7 9. Bd3 O-O 10. O-O Re8 11. Re1 a6 12. a4 Ng4 13. h3 Ne5 14. Nxe5 Bxe5 15. f4 Bd4+ 16. Be3 Bxe3+ 17. Rxe3 Qb6 18. Qe2 Rc8 19. Re1 Qb4 20. Kh1 Bxa4 21. Nxa4 Qxa4 22. Qg4 Rd8 23. f5 Kg7 24. f6+ Kh8 25. Qg5 Qd4 26. Rf3 Nd7 27. Ref1 Ne5 28. Rf4 Nxd3 29. Rh4 Nf2+ 30. Rxf2 Rg8 31. Qh6 Qd1+ 32. Kh2 Qh5 33. Rxh5 gxh5 34. Qxh5 Rg6 35. g4 Rag8 36. Rf5 h6 37. h4 Kh7 38. g5 b5 39. e5 dxe5 40. Rxe5 c4 41. Re7 Rf8 42. d6 Kg8 43. d7 hxg5 44. hxg5 b4 45. Re8 1-0

[Event "4NCL Online Division 4"]
[Site "online"]
[Date "2021.02.23"]
[EventDate "2021.02.23"]
[Round "3.153"]
[White "Correa, Rebecca"]
[WhiteElo "1463"]
[WhiteTeam "Manchester Juniors B"]
[Black "Blanden, Edward"]
[BlackElo "1712"]
[BlackTeam "Wessex Some Stars D"]
[Result "1-0"]
[PlyCount "55"]

1. d4 Nf6 2. Nf3 e6 3. Bf4 c5 4. c3 Nc6 5. h3 d5 6. e3 Bd6 7. Bxd6 Qxd6 8. Bd3 b6 9. O-O O-O 10. Re1 Bb7 11. Nbd2 c4 12. Bc2 b5 13. e4 dxe4 14. Nxe4 Nxe4 15. Bxe4 g6 16. Qe2 Rab8 17. Rad1 Ne7 18. Bxb7 Rxb7 19. Ng5 Nd5 20. Ne4 Qe7 21. Qf3 Rfb8 22. a3 a5 23. Nc5 Rb6 24. Qxd5 exd5 25. Rxe7 Rc6 26. Rde1 Rcc8 27. Nd7 Ra8 28. Nb6 1-0

[Event "4NCL Online Division 4"]
[Site "online"]
[Date "2021.02.23"]
[EventDate "2021.02.23"]
[Round "3.154"]
[White "Joyce, Tim"]
[WhiteElo "1698"]
[WhiteTeam "Wessex Some Stars D"]
[Black "Fairclough, William"]
[BlackElo "1443"]
[BlackTeam "Manchester Juniors B"]
[Result "1-0"]
[PlyCount "102"]

1. c4 c6 2. Nf3 d5 3. cxd5 cxd5 4. g3 Nc6 5. Bg2 Nf6 6. d3 e5 7. O-O Bc5 8. a3 O-O 9. b4 Bb6 10. Bb2 Re8 11. b5 Nd4 12. Nxd4 Bxd4 13. Bxd4 exd4 14. Nd2 Bg4 15. Nf3 Qb6 16. Rb1 Bxf3 17. Bxf3 Qa5 18. Qb3 Rad8 19. Rfc1 Qb6 20. Rc2 Rd7 21. Rbc1 Ree7 22. Kf1 a6 23. a4 Rc7 24. Bxd5 Nxd5 25. Qxd5 Rxc2 26. Rxc2 Re8 27. Qc5 Qe6 28. Kg2 b6 29. Qxd4 Qb3 30. Qc4 Qxc4 31. Rxc4 h6 32. Kf3 axb5 33. axb5 Re5 34. Rb4 Rf5+ 35. Ke3 Re5+ 36. Kd2 Rf5 37. f4 g5 38. e4 Rf6 39. Ke3 gxf4+ 40. gxf4 Rg6 41. Kf2 Rg4 42. f5 h5 43. Rc4 h4 44. Rc1 h3 45. Rg1 Rg2+ 46. Rxg2+ hxg2 47. Kxg2 Kg7 48. e5 f6 49. e6 Kf8 50. d4 Ke7 51. h4 Kd6 1-0

[Event "4NCL Online Division 4"]
[Site "online"]
[Date "2021.02.23"]
[EventDate "2021.02.23"]
[Round "3.161"]
[White "Bell, Alan D"]
[WhiteElo "1982"]
[WhiteTeam "Grangemouth Gambiteers"]
[Black "Granat, Russell G"]
[BlackElo "2266"]
[BlackTeam "Farnham A"]
[Result "0-1"]
[PlyCount "60"]

1. e4 Nc6 2. Nf3 e5 3. Bc4 Bc5 4. b4 Bxb4 5. c3 Bc5 6. d4 exd4 7. O-O d6 8. cxd4 Bb6 9. Nc3 Bg4 10. Bb5 a6 11. Ba4 Ba7 12. d5 b5 13. Nxb5 axb5 14. Bxb5 Ne7 15. dxc6 O-O 16. Qd3 Ng6 17. Bb2 Qe7 18. Nd4 Ne5 19. Qg3 Qf6 20. Rab1 Qg6 21. Rfe1 h5 22. Kh1 h4 23. Qf4 h3 24. gxh3 Bxd4 25. hxg4 Bb6 26. a4 Nxg4 27. Re2 Nxf2+ 28. Rxf2 Bxf2 29. Rf1 Bc5 30. Rf3 Qg1# 0-1

[Event "4NCL Online Division 4"]
[Site "online"]
[Date "2021.02.23"]
[EventDate "2021.02.23"]
[Round "3.162"]
[White "Richardson, Kevin D"]
[WhiteElo "2154"]
[WhiteTeam "Farnham A"]
[Black "McLay, John W"]
[BlackElo "1900"]
[BlackTeam "Grangemouth Gambiteers"]
[Result "0-1"]
[PlyCount "118"]

1. e4 c5 2. Nf3 e6 3. d4 cxd4 4. Nxd4 Bc5 5. Nb3 Bb6 6. Nc3 a6 7. Bd3 Ne7 8. O-O O-O 9. Bg5 f6 10. Bh4 Nbc6 11. Kh1 Bc7 12. Qe2 Ne5 13. Bg3 Nxd3 14. Bxc7 Nxf2+ 15. Rxf2 Qxc7 16. Rd1 Ng6 17. Nd4 Ne5 18. Qh5 b5 19. Nce2 Ng6 20. Ng3 Bb7 21. Rfd2 Rf7 22. c3 Rc8 23. Qe2 Qc4 24. Qxc4 Rxc4 25. Nf3 d5 26. exd5 Bxd5 27. Nd4 Nf4 28. Kg1 Rc8 29. Re1 Rd7 30. Nf3 Rcd8 31. Red1 Bc6 32. Nd4 e5 33. Nf3 Rxd2 34. Rxd2 Rxd2 35. Nxd2 Bxg2 36. Nb3 Bd5 37. Nc5 a5 38. a3 Kf7 39. Kf2 g6 40. Nf1 Ke7 41. Ne3 Kd6 42. b4 axb4 43. cxb4 f5 44. Nd1 e4 45. Nc3 Bc4 46. Ke3 Nd5+ 47. Nxd5 Bxd5 48. Kf4 h6 49. h4 Be6 50. a4 bxa4 51. Nxa4 g5+ 52. hxg5 hxg5+ 53. Kxg5 e3 54. Nc3 Ke5 55. b5 f4 56. b6 Bc8 57. Kh4 f3 58. Kg3 f2 59. Kg2 Bh3+ 0-1

[Event "4NCL Online Division 4"]
[Site "online"]
[Date "2021.02.23"]
[EventDate "2021.02.23"]
[Round "3.163"]
[White "Mason, Ian C"]
[WhiteElo "1872"]
[WhiteTeam "Grangemouth Gambiteers"]
[Black "Warren, Alex M"]
[BlackElo "2000"]
[BlackTeam "Farnham A"]
[Result "0-1"]
[PlyCount "56"]

1. d4 Nf6 2. c4 g6 3. Nc3 Bg7 4. e4 d6 5. Nf3 O-O 6. Be2 e5 7. O-O Nc6 8. d5 Ne7 9. Ne1 Nd7 10. Nd3 f5 11. f3 f4 12. Bd2 g5 13. h3 Rf7 14. Rc1 Bf8 15. Nf2 h5 16. b4 Rg7 17. a4 Kh8 18. a5 Ng8 19. Na4 Nh6 20. c5 Nf6 21. cxd6 cxd6 22. Nc3 g4 23. fxg4 hxg4 24. hxg4 Nfxg4 25. Nxg4 Nxg4 26. Qe1 Qg5 27. Bxg4 Bxg4 28. Qf2 Bh3 0-1

[Event "4NCL Online Division 4"]
[Site "online"]
[Date "2021.02.23"]
[EventDate "2021.02.23"]
[Round "3.164"]
[White "Abhishek, Pradhan"]
[WhiteElo "1860"]
[WhiteTeam "Farnham A"]
[Black "Will, Douglas"]
[BlackElo "1845"]
[BlackTeam "Grangemouth Gambiteers"]
[Result "0-1"]
[PlyCount "76"]

1. d4 Nf6 2. c4 g6 3. Nc3 Bg7 4. e4 d6 5. Be2 O-O 6. Be3 e5 7. d5 Na6 8. Qd2 Nc5 9. f3 a5 10. g4 h5 11. Nh3 hxg4 12. Nf2 Bd7 13. fxg4 Qc8 14. Rg1 c6 15. h4 cxd5 16. cxd5 b5 17. Bf3 b4 18. Ne2 Qa6 19. Bxc5 dxc5 20. Nd3 Qc8 21. Qg5 Nh7 22. Qe7 Bf6 23. Qxc5 Bxh4+ 24. Kd2 Bg5+ 25. Ke1 Qa6 26. Nxe5 Rac8 27. Qf2 Bb5 28. Rh1 Bf6 29. Qh2 Ng5 30. Nd4 Rfe8 31. Nxg6 Bxd4 32. Nh4 Qf6 33. Qg2 Bxb2 34. Rd1 Qc3+ 35. Rd2 Qe3+ 36. Be2 Rc1+ 37. Rd1 Bc3+ 38. Kf1 Rxd1# 0-1

[Event "4NCL Online Division 4"]
[Site "online"]
[Date "2021.03.09"]
[EventDate "2021.03.09"]
[Round "4.11"]
[White "Robinson, Brian"]
[WhiteElo "1717"]
[WhiteTeam "Bishop Trojans"]
[Black "Kirkham, Mark"]
[BlackElo "1823"]
[BlackTeam "Sheffield Deaf"]
[Result "1/2-1/2"]
[PlyCount "48"]

1. d4 e6 2. Nf3 c5 3. e3 Nf6 4. Bd3 d5 5. b3 Nc6 6. Nbd2 Be7 7. Bb2 O-O 8. O-O Re8 9. a3 Bd7 10. Ne5 Qc7 11. f4 Rac8 12. Rf3 cxd4 13. exd4 a6 14. Rh3 h6 15. Qf3 b5 16. Qg3 h5 17. Qg5 Bf8 18. Qh4 Be7 19. g4 g6 20. g5 Nxe5 21. fxe5 Ng4 22. Re1 a5 23. Rg3 b4 24. a4 Qd8 1/2-1/2

[Event "4NCL Online Division 4"]
[Site "online"]
[Date "2021.03.09"]
[EventDate "2021.03.09"]
[Round "4.12"]
[White "Gibson, Stephen"]
[WhiteElo "1505"]
[WhiteTeam "Sheffield Deaf"]
[Black "Smith, Peter J"]
[BlackElo "1645"]
[BlackTeam "Bishop Trojans"]
[Result "1/2-1/2"]
[PlyCount "89"]

1. e4 a6 2. d4 h6 3. Nc3 d6 4. f4 c6 5. Nf3 Qc7 6. Bd3 Nd7 7. O-O g5 8. fxg5 hxg5 9. Nxg5 Ngf6 10. Bf4 e5 11. dxe5 dxe5 12. Bg3 Bg7 13. Bc4 Rf8 14. Rf3 Nc5 15. h3 Be6 16. Bxe6 Nxe6 17. Nxe6 fxe6 18. Rd3 Ke7 19. Qe2 Rad8 20. Rad1 Rxd3 21. Rxd3 Rd8 22. Rxd8 Kxd8 23. Bh4 Qb6+ 24. Qf2 Qxf2+ 25. Kxf2 b5 26. Ke3 Ke8 27. Kf3 Nh7 28. Nd1 Nf8 29. Nf2 Ng6 30. Bg5 Bf8 31. Nd3 a5 32. b3 c5 33. h4 c4 34. bxc4 bxc4 35. Nb2 c3 36. Nc4 a4 37. g4 Be7 38. Bxe7 Kxe7 39. h5 Nf4 40. Nxe5 Nh3 41. Kg3 Ng5 42. Kf4 Nh3+ 43. Kg3 Ng5 44. Kf4 Nh3+ 45. Kg3 1/2-1/2

[Event "4NCL Online Division 4"]
[Site "online"]
[Date "2021.03.09"]
[EventDate "2021.03.09"]
[Round "4.13"]
[White "Bainbridge, Bryan J"]
[WhiteElo "1546"]
[WhiteTeam "Bishop Trojans"]
[Black "Litherland, Reuben"]
[BlackElo "1320"]
[BlackTeam "Sheffield Deaf"]
[Result "1/2-1/2"]
[PlyCount "66"]

1. e4 c5 2. Nc3 Nc6 3. g3 e6 4. Bg2 Be7 5. d3 Nf6 6. f4 h6 7. Nf3 d5 8. O-O O-O 9. h3 b6 10. g4 Ba6 11. Re1 d4 12. Ne2 Qc7 13. Ng3 g6 14. a3 e5 15. Ne2 Kh7 16. fxe5 Nxe5 17. Nxe5 Qxe5 18. Bf4 Qe6 19. Qd2 g5 20. Bg3 Rad8 21. Bh2 Bd6 22. Bxd6 Qxd6 23. Rf1 Nd7 24. Rf2 Ne5 25. Raf1 Qc7 26. Kh1 Rd7 27. Ng1 Re7 28. Nf3 Nxf3 29. Rxf3 Bb7 30. Rf6 Kg7 31. Qf2 Qd7 32. Qg3 Re6 33. Qf2 Re7 1/2-1/2

[Event "4NCL Online Division 4"]
[Site "online"]
[Date "2021.03.09"]
[EventDate "2021.03.09"]
[Round "4.14"]
[White "Cooper, Howard"]
[WhiteElo "1233"]
[WhiteTeam "Sheffield Deaf"]
[Black "Berry, Robert"]
[BlackElo "1520"]
[BlackTeam "Bishop Trojans"]
[Result "1/2-1/2"]
[PlyCount "117"]

1. d4 d5 2. Bf4 Nf6 3. e3 h6 4. Nc3 e6 5. Nb5 Bb4+ 6. c3 Ba5 7. Bd3 a6 8. Na3 c6 9. Nf3 Nbd7 10. O-O O-O 11. Qc2 Bc7 12. Ne5 Nxe5 13. Bxe5 Bxe5 14. dxe5 Ng4 15. h3 Nxe5 16. Be2 f5 17. f4 Ng6 18. Bd3 Qf6 19. Qf2 c5 20. Nc2 b5 21. Be2 Bb7 22. Bh5 Nh4 23. g3 Ng6 24. Bf3 Ne7 25. a3 Rab8 26. Qd2 Rfd8 27. Ne1 d4 28. Rc1 Bxf3 29. Nxf3 dxc3 30. Qxc3 Qxc3 31. bxc3 c4 32. Ne5 Rd5 33. Rfd1 Rbd8 34. Rd4 Rxd4 35. exd4 Rd6 36. Kf2 Nc6 37. Nxc6 Rxc6 38. Re1 Kf7 39. Re5 Rd6 40. Kf3 Rd5 41. g4 Rxe5 42. dxe5 Kg6 43. Ke3 fxg4 44. hxg4 h5 45. gxh5+ Kxh5 46. Kd4 Kg6 47. Kc5 Kf5 48. Kb6 Kxf4 49. Kxa6 Kxe5 50. Kxb5 g5 51. a4 Kd6 52. Kxc4 Kc6 53. Kd4 Kb6 54. Ke4 Ka5 55. Kf3 Kxa4 56. Kg4 Kb3 57. Kxg5 Kxc3 58. Kf6 e5 59. Kxe5 1/2-1/2

[Event "4NCL Online Division 4"]
[Site "online"]
[Date "2021.03.09"]
[EventDate "2021.03.09"]
[Round "4.21"]
[White "Mackle, Dominic"]
[WhiteElo "2152"]
[WhiteTeam "Hackney Thirsty"]
[Black "Ball, Matthew P"]
[BlackElo "1794"]
[BlackTeam "Doughnuts of Doom"]
[Result "1-0"]
[PlyCount "69"]

1. d4 d6 2. e4 Nf6 3. Nc3 Nbd7 4. g3 e5 5. Nge2 c6 6. Bg2 b5 7. O-O b4 8. Nb1 Bb7 9. c3 bxc3 10. Nbxc3 Be7 11. h3 O-O 12. Be3 Re8 13. Qc2 Bf8 14. Rad1 Qa5 15. f4 Rad8 16. g4 exd4 17. Nxd4 Nb6 18. b3 d5 19. e5 c5 20. Nde2 Ba8 21. Bd2 d4 22. exf6 d3 23. Qb2 dxe2 24. Nxe2 Qa6 25. Bxa8 Nxa8 26. Nc1 Qd6 27. Bc3 Qb6 28. Rxd8 Rxd8 29. fxg7 c4+ 30. Kh2 Bc5 31. Ne2 Rd3 32. Ng3 cxb3 33. Nf5 bxa2 34. Qxb6 axb6 35. Nh6# 1-0

[Event "4NCL Online Division 4"]
[Site "online"]
[Date "2021.03.09"]
[EventDate "2021.03.09"]
[Round "4.22"]
[White "Sainiuc, Stefan"]
[WhiteElo "1641"]
[WhiteTeam "Doughnuts of Doom"]
[Black "Baumann, Tobias"]
[BlackElo "2005"]
[BlackTeam "Hackney Thirsty"]
[Result "1-0"]
[PlyCount "49"]

1. e4 c5 2. Bc4 e6 3. Nc3 Nc6 4. f4 Qh4+ 5. g3 Qd8 6. Nf3 Nge7 7. d3 d5 8. Bb3 Na5 9. Ba4+ Bd7 10. Bxd7+ Qxd7 11. Ne5 Qd8 12. Bd2 Nac6 13. exd5 Nxe5 14. fxe5 Nxd5 15. Ne4 Qc7 16. O-O Qxe5 17. c4 Qd4+ 18. Rf2 Nb4 19. Bc3 Qxd3 20. Qh5 O-O-O 21. Ng5 Rd7 22. Nxf7 Rg8 23. Ne5 g6 24. Qh3 Qe3 25. Qxe6 1-0

[Event "4NCL Online Division 4"]
[Site "online"]
[Date "2021.03.09"]
[EventDate "2021.03.09"]
[Round "4.23"]
[White "Domanski, Lukasz"]
[WhiteElo "2002"]
[WhiteTeam "Hackney Thirsty"]
[Black "Ball, Charlie"]
[BlackElo "1467"]
[BlackTeam "Doughnuts of Doom"]
[Result "1-0"]
[PlyCount "69"]

1. e4 d5 2. exd5 Nf6 3. d4 Nxd5 4. c4 Nb6 5. Nf3 g6 6. Nc3 Bg7 7. c5 Nd5 8. Bc4 Be6 9. Qb3 c6 10. Qxb7 Nc7 11. Bxe6 fxe6 12. Bf4 Nba6 13. Qxc6+ Qd7 14. Qxd7+ Kxd7 15. O-O h6 16. a3 g5 17. Be5 Rag8 18. b4 g4 19. Bxg7 Rxg7 20. Ne5+ Ke8 21. b5 Nb8 22. a4 h5 23. a5 h4 24. b6 axb6 25. axb6 Nd5 26. Nxd5 exd5 27. Ra8 e6 28. Rxb8+ Ke7 29. Rxh8 h3 30. b7 hxg2 31. Kxg2 g3 32. Nc6+ Kf6 33. fxg3+ Kg5 34. h4+ Kg6 35. Ne5# 1-0

[Event "4NCL Online Division 4"]
[Site "online"]
[Date "2021.03.09"]
[EventDate "2021.03.09"]
[Round "4.24"]
[White "Ball, Katie C"]
[WhiteElo "1525"]
[WhiteTeam "Doughnuts of Doom"]
[Black "Ciesielski, Marceli"]
[BlackElo "1769"]
[BlackTeam "Hackney Thirsty"]
[Result "0-1"]
[PlyCount "90"]

1. d4 Nf6 2. Nc3 d5 3. Bf4 c6 4. e3 Bf5 5. f3 h6 6. g4 Bh7 7. Bd3 Bxd3 8. Qxd3 Nbd7 9. Nge2 e6 10. O-O-O Bb4 11. h4 a6 12. Rh2 c5 13. Rdh1 c4 14. Qd1 b5 15. g5 Nh5 16. g6 f6 17. Qg1 Qa5 18. Kb1 Nxf4 19. exf4 O-O 20. f5 Bxc3 21. Nxc3 b4 22. Ne2 exf5 23. Qe3 Rfe8 24. Qf4 c3 25. Qxf5 Nb6 26. Nf4 Rad8 27. Rg2 Nc4 28. Nd3 Ne3 29. Qh3 Nxg2 30. Qxg2 Re3 31. Re1 Rde8 32. Rxe3 Rxe3 33. Qf2 Re8 34. Qg3 cxb2 35. Qd6 Qb5 36. Qc7 a5 37. Nc5 Qb8 38. Qf7+ Kh8 39. Ne6 Rg8 40. Nc5 Qe8 41. Ne6 a4 42. Kxb2 Qc6 43. Nc7 Rc8 44. Ne8 Qxc2+ 45. Ka1 Qc1# 0-1

[Event "4NCL Online Division 4"]
[Site "online"]
[Date "2021.03.09"]
[EventDate "2021.03.09"]
[Round "4.31"]
[White "Ethelontis, Alexandros N"]
[WhiteElo "2155"]
[WhiteTeam "Barnet Knights A"]
[Black "Gill, Veer"]
[BlackElo "1306"]
[BlackTeam "Hatch End B"]
[Result "1-0"]
[PlyCount "67"]

1. c4 e5 2. g3 c6 3. Nf3 e4 4. Nd4 Bc5 5. Nb3 Bb6 6. c5 Bc7 7. Bg2 Nf6 8. Nc3 Qe7 9. Qc2 O-O 10. Nxe4 Nxe4 11. Qxe4 Qf6 12. O-O d5 13. cxd6 Bxd6 14. Qc2 Bf5 15. e4 Bg6 16. d3 Nd7 17. Be3 Ne5 18. Qe2 Rad8 19. Rad1 b6 20. f4 Nd7 21. f5 Bxf5 22. Rxf5 Qe6 23. Nd4 Qxa2 24. Nxc6 Rc8 25. e5 Qe6 26. exd6 Qxf5 27. Ne7+ Kh8 28. Nxf5 Rfe8 29. Qg4 g6 30. Bd4+ Ne5 31. Ne7 f6 32. Bxe5 fxe5 33. Qe6 Rc5 34. Qf6# 1-0

[Event "4NCL Online Division 4"]
[Site "online"]
[Date "2021.03.09"]
[EventDate "2021.03.09"]
[Round "4.32"]
[White "Scales, Barry"]
[WhiteElo "1133"]
[WhiteTeam "Hatch End B"]
[Black "Rasalingam, Haran"]
[BlackElo "2087"]
[BlackTeam "Barnet Knights A"]
[Result "0-1"]
[PlyCount "76"]

1. e4 e6 2. d4 b6 3. a3 Bb7 4. Nc3 d5 5. e5 c5 6. Nf3 Ne7 7. Bg5 h6 8. Bh4 g5 9. Bg3 Nf5 10. Bb5+ Nc6 11. Bxc6+ Bxc6 12. h3 Nxg3 13. fxg3 Qd7 14. O-O Bg7 15. a4 a6 16. Nd2 cxd4 17. Ne2 Bxe5 18. Nc1 O-O-O 19. b3 d3 20. Ra2 dxc2 21. Qxc2 Kb7 22. b4 b5 23. Nd3 Bd6 24. Nc5+ Bxc5+ 25. bxc5 f5 26. Rb1 Rb8 27. Qc3 d4 28. Qa5 Qd5 29. Nc4 Qxc5 30. Nd6+ Qxd6 31. axb5 Bxb5 32. Rxb5+ axb5 33. Qxb5+ Kc8 34. Qc4+ Kd8 35. Rd2 Rb1+ 36. Kf2 Rb4 37. Qa2 Ke7 38. Qa6 Qxa6 0-1

[Event "4NCL Online Division 4"]
[Site "online"]
[Date "2021.03.09"]
[EventDate "2021.03.09"]
[Round "4.33"]
[White "Kesterson, Kennan"]
[WhiteElo "2006"]
[WhiteTeam "Barnet Knights A"]
[Black "Shah, Sailesh"]
[BlackElo "1200"]
[BlackTeam "Hatch End B"]
[Result "1-0"]
[PlyCount "93"]

1. e4 e5 2. Nf3 Nc6 3. Bc4 h6 4. c3 Bc5 5. d4 exd4 6. cxd4 Bb4+ 7. Nc3 Bxc3+ 8. bxc3 d6 9. O-O Bg4 10. h3 Bxf3 11. Qxf3 Qf6 12. Qe2 O-O-O 13. f4 Qe7 14. Qg4+ Kb8 15. Qxg7 Nf6 16. e5 Rh7 17. Qxf6 Qxf6 18. exf6 d5 19. Bd3 Rhh8 20. Ba3 a6 21. Rae1 h5 22. Re3 Rh6 23. Be7 Rd7 24. Rfe1 Ka7 25. Bf5 Rd6 26. Bxd6 cxd6 27. Bd7 Nb8 28. Bc8 Rh8 29. Bxb7 Kxb7 30. Re7+ Kc6 31. Rxf7 Nd7 32. Ree7 Nxf6 33. Rxf6 Rd8 34. Ree6 Rd7 35. Rh6 a5 36. Rxh5 a4 37. Rhh6 Kc7 38. f5 Kc6 39. g4 a3 40. g5 Kb5 41. Rxd6 Rxd6 42. Rxd6 Kc4 43. Rxd5 Kxc3 44. g6 Kb2 45. g7 Kxa2 46. g8=Q Kb2 47. Ra5 1-0

[Event "4NCL Online Division 4"]
[Site "online"]
[Date "2021.03.09"]
[EventDate "2021.03.09"]
[Round "4.34"]
[White "Smyth, Peter"]
[WhiteElo "970"]
[WhiteTeam "Hatch End B"]
[Black "Covey, Jason"]
[BlackElo "1981"]
[BlackTeam "Barnet Knights A"]
[Result "0-1"]
[PlyCount "48"]

1. e3 d5 2. Nf3 Nf6 3. Bd3 Nc6 4. Nc3 e5 5. Ng5 h6 6. Nh3 Bg4 7. f3 Bxh3 8. gxh3 Qd7 9. Bf1 O-O-O 10. d4 exd4 11. exd4 Bb4 12. Bb5 Rhe8+ 13. Kf1 Qxh3+ 14. Kf2 Qh4+ 15. Kg2 Re6 16. Ne2 Nh5 17. Qd3 Rg6+ 18. Ng3 Nxg3 19. hxg3 Rxg3+ 20. Kf2 Rh3+ 21. Ke3 Re8+ 22. Qe4 Qxe4+ 23. Kf2 Qxf3+ 24. Kg1 Rxh1# 0-1

[Event "4NCL Online Division 4"]
[Site "online"]
[Date "2021.03.09"]
[EventDate "2021.03.09"]
[Round "4.41"]
[White "Johnson, Paul A"]
[WhiteElo "1797"]
[WhiteTeam "Bradford DCA Knights B"]
[Black "Nunn, John D M"]
[BlackTitle "GM"]
[BlackElo "2561"]
[BlackTeam "Bude Surfers"]
[Result "0-1"]
[PlyCount "82"]

1. d4 Nf6 2. Bf4 d5 3. e3 c5 4. c3 Nc6 5. Nd2 Bf5 6. Qb3 Qd7 7. Ngf3 c4 8. Qd1 e6 9. Be2 h6 10. h3 Be7 11. O-O b5 12. b4 O-O 13. Ne5 Nxe5 14. dxe5 Ne4 15. Nxe4 Bxe4 16. Bf3 Bd3 17. Be2 Bh7 18. Qd2 a5 19. a3 Ra6 20. Ra2 Rfa8 21. Rb2 axb4 22. axb4 Qa7 23. Rc1 Bg6 24. f3 Bd8 25. Bg3 Bb6 26. Bf2 Ra1 27. Kh2 Ra2 28. Rxa2 Qxa2 29. Qe1 Qb2 30. Bf1 Ra2 31. Bg1 Bc7 32. Kh1 Bxe5 33. Bh2 Bxh2 34. Kxh2 Bd3 35. Rd1 Bxf1 36. Qxf1 Qxc3 37. e4 d4 38. Qg1 e5 39. f4 exf4 40. Rxd4 Qg3+ 41. Kh1 f3 0-1

[Event "4NCL Online Division 4"]
[Site "online"]
[Date "2021.03.09"]
[EventDate "2021.03.09"]
[Round "4.42"]
[White "Fink-Nunn, Petra"]
[WhiteTitle "WFM"]
[WhiteElo "2050"]
[WhiteTeam "Bude Surfers"]
[Black "Clarke, Paul R H"]
[BlackElo "1729"]
[BlackTeam "Bradford DCA Knights B"]
[Result "1-0"]
[PlyCount "21"]

1. e4 d5 2. exd5 Qxd5 3. Nc3 Qd8 4. Nf3 Nf6 5. Bc4 Bf5 6. Ne5 e6 7. Qf3 c6 8. Nxf7 Kxf7 9. Qxf5 Qd6 10. Ne4 Qe7 11. Ng5+ 1-0

[Event "4NCL Online Division 4"]
[Site "online"]
[Date "2021.03.09"]
[EventDate "2021.03.09"]
[Round "4.43"]
[White "Adam, David W"]
[WhiteElo "1725"]
[WhiteTeam "Bradford DCA Knights B"]
[Black "Constable, Christine F"]
[BlackElo "1455"]
[BlackTeam "Bude Surfers"]
[Result "0-1"]
[PlyCount "91"]

1. c4 c5 2. Nc3 Nc6 3. g3 g6 4. Bg2 Bg7 5. d3 d6 6. e4 e5 7. Nge2 Nge7 8. O-O O-O 9. a3 a6 10. Rb1 Rb8 11. Bd2 Bd7 12. b4 cxb4 13. axb4 b5 14. cxb5 axb5 15. h3 Qc8 16. Kh2 Nd4 17. Nxd4 exd4 18. Ne2 Kh8 19. f4 f5 20. Rc1 Qe8 21. Qb3 Qf7 22. Qxf7 Rxf7 23. Rc7 Be6 24. Rfc1 Kg8 25. Bf3 fxe4 26. Bxe4 d5 27. Bf3 Bf5 28. g4 Bxd3 29. Ng3 Bc4 30. Re1 Kf8 31. f5 Ra8 32. Bg5 Ra2+ 33. Kh1 Rf2 34. Bg2 gxf5 35. Bxe7+ Kg8 36. Nxf5 d3 37. Rc8+ Bf8 38. Nh6+ Kg7 39. Bxf8+ Rxf8 40. Rxf8 Kxf8 41. Nf5 d2 42. Ra1 Re2 43. Ra8+ Kf7 44. Ra7+ Kf6 45. h4 d1=Q+ 46. Kh2 0-1

[Event "4NCL Online Division 4"]
[Site "online"]
[Date "2021.03.09"]
[EventDate "2021.03.09"]
[Round "4.44"]
[White "Richards, Maurice A"]
[WhiteElo "1454"]
[WhiteTeam "Bude Surfers"]
[Black "Tait, Bill"]
[BlackElo "1707"]
[BlackTeam "Bradford DCA Knights B"]
[Result "1/2-1/2"]
[PlyCount "35"]

1. d4 d5 2. Nf3 Nf6 3. g3 Bf5 4. Bg2 h6 5. O-O e6 6. c4 c6 7. cxd5 exd5 8. Nc3 Be7 9. Qb3 Qc8 10. h3 O-O 11. Kh2 Nbd7 12. Bf4 Ne4 13. Rfc1 Nxf2 14. Nxd5 Bd8 15. Nc3 Bxh3 16. Ng1 Ng4+ 17. Kh1 Nf2+ 18. Kh2 1/2-1/2